Ruština v praxi

Salvato in:
Dettagli Bibliografici
Autore principale: Csiriková, Marie
Altri autori: Vysloužilová, Eva
Natura: Libro
Lingua:russo
ceco
Pubblicazione: Voznice LEDA 2010
Edizione:2. přeprac. a dopln. vyd.
Soggetti:
Tags: Aggiungi Tag
Nessun Tag, puoi essere il primo ad aggiungerne!!

MARC

LEADER 00000nam a2200000 4500
001 0192688
005 20231215112009.5
020 |a 978-80-7335-226-4 
041 0 |a rus 
041 0 |a cze 
044 |a CZ 
245 1 0 |a Ruština v praxi  |c Marie Csiriková, Eva Vysloužilová 
250 |a 2. přeprac. a dopln. vyd. 
264 1 |a Voznice  |b LEDA  |c 2010 
300 |a 271 s.  |e 2 CD-ROM 
610 2 0 |a jazykoveda 
610 2 0 |a terminológia 
610 2 0 |a jazyky cudzie 
610 2 0 |a ruština 
100 1 |a Csiriková, Marie 
700 1 |a Vysloužilová, Eva